[Event "1st Guwahati GM Open 2022"]
[Site "Guwahati"]
[Date "2022.03.17"]
[Round "6.6"]
[White "Deepan Chakkravarthy J."]
[Black "Poormosavi, Seyed Kian"]
[Result "1-0"]
[WhiteElo "2520"]
[BlackElo "2229"]
[Annotator "TA"]
[PlyCount "131"]
[EventDate "2022.03.15"]
[EventCountry "IND"]
[SourceTitle "playchess.com"]
[Source "ChessBase"]
[SourceQuality "1"]

{[%evp 14,131,6,0,21,17,37,27,39,33,49,26,29,28,23,-2,37,7,41,48,57,0,44,37,41,49,84,0,0,-34,-46,-33,18,35,41,22,58,75,51,41,38,44,50,52,66,58,56,61,54,41,146,147,142,8,147,146,124,83,130,132,160,160,160,160,165,97,189,189,153,94,80,83,54,24,38,45,126,72,77,77,84,85,104,77,79,70,70,66,403,403,390,389,29975,29976,29976,29977,29977,29978,29978,29978,29977,29978,29979,29980,29981,29982,29982,29982,29983,29984,29984,29984,29984,29985,29985,29986,29986,29987,29988,29989]} 1. d4 Nf6 2. c4 Nc6 3. Nf3 e6 4. Nc3 Bb4 5. Qc2 d6 6. e3 O-O 7. a3 Bxc3+ 8. Qxc3 Re8 {E33: Nimzo-Indian: Classical: 4...Nc6.} 9. b4 e5 10. dxe5 dxe5 {White has an edge.} 11. Bb2 Bf5 12. Be2 (12. Rd1 $5 {[%cal Rd1d8]} Qe7 13. Be2 $14) 12... Ne4 13. Qb3 {[#]} a5 $146 ({Predecessor:} 13... f6 14. Rd1 Qe7 15. c5+ Kh8 16. O-O Rad8 17. Qc4 Qe6 18. h3 a6 19. Rfe1 Rxd1 20. Rxd1 {½-½ (38) Rantanen,M-Barcza,G Munich 1958}) 14. Rd1 Qf6 (14... Qe7 $5 {[%cal Ra5b4]} 15. b5 Nc5 $11) 15. O-O (15. b5 $5 {[%cal Rb5c6]} Nc5 16. Qc3 $14) 15... a4 16. Qa2 Ng5 17. b5 (17. Ba1 $14) 17... Nxf3+ (17... Bg4 $1 $11) 18. Bxf3 $14 Na5 19. Bc3 Qg5 20. Bxa5 {This bishop pair is nice.} (20. Rd5 $1 $16) 20... e4 $1 $11 21. Bxc7 exf3 {[%csl Gf3][%cal Rg5g2]} 22. Bg3 $1 Qh5 (22... fxg2 $15 23. Kxg2 Qh5) 23. Rd4 Be4 (23... fxg2 24. Rc1 $11) 24. Rc1 fxg2 25. c5 Rad8 26. c6 {[%cal Od4e4]} Rxd4 27. exd4 Qxb5 28. c7 Bf5 {[%cal Ob5f1] ( -> ...Qf1+!)} 29. Qc4 {To avoid Qf1+. Really sharp!} Qxc4 (29... Qb2 $2 30. c8=Q Bxc8 31. Qxc8 $18) 30. Rxc4 $14 {[%mdl 4096] Endgame KRB-KRB} Bh3 {[%cal Re8e1]} 31. f3 {[%mdl 1024] White has compensation.} b5 (31... f6 $1 $14) 32. Rc5 $16 {And now Rh5 would win.} f6 33. Rh5 (33. Rxb5 $16 {Black must now prevent Rh5.} Kf7 34. Rh5) 33... Bd7 (33... b4 $11 34. axb4 (34. Rxh3 $2 b3 $19) 34... g5 35. Rxh3 a3) 34. Rd5 $1 (34. Kxg2 g5 35. h4 b4 36. axb4 a3 37. hxg5 a2 $17) 34... Bh3 {[%cal Ob5b4]} 35. Rxb5 Kf7 (35... g5 $142) 36. Rh5 {[%csl LRh3,LRh7]} Bd7 37. Rd5 $1 ({Don't play} 37. Kxg2 Re2+ 38. Kg1 Re3 $16) ({And not} 37. Rxh7 Bf5 38. Rh5 g5 39. Kxg2 Kg6 $17) 37... Ke7 38. Kxg2 Ra8 39. h4 ({White should play} 39. Rc5 $18) 39... Ra6 (39... Ra7 $16) 40. Rc5 Bc8 41. d5 {White is more active.} (41. Rh5 $142 $1 {[%cal Rh5h7]}) 41... Rb6 42. d6+ Kd7 43. Rc4 Rb2+ 44. Kg1 Bb7 {To avoid Re4} (44... Rb1+ $14 45. Kf2 Rb2+ 46. Kg1 Rb1+ 47. Kf2 Rb2+ 48. Kg1) 45. Rxa4 ({White should try} 45. c8=B+ Bxc8 46. Rc7+ Kd8 47. Rxg7) 45... Bxf3 46. Rc4 {[%cal Rc7c8]} Bb7 47. Rc3 {Strongly threatening Re3.} Re2 {Inhibits Re3.} 48. a4 {[%cal Ba3a4,Ba4a5,Ba5a6,Ba6a7][%mdl 32]} h5 49. Kf1 Re4 50. a5 g5 $2 {[%mdl 8192] This costs Black the game.} (50... Ba6+ $14 51. Kf2 Re2+ 52. Kg1 (52. Kf3 Ra2 $16) 52... Re4) 51. hxg5 $18 fxg5 {[#]} 52. Rf3 $1 Re1+ $2 (52... Rf4 $18 53. Rxf4 gxf4 54. Bxf4 h4) 53. Kxe1 {White mates.} Bxf3 {[#] KB-KB} 54. a6 $1 Bg4 55. a7 Bf3 56. Kf2 Bb7 57. Be5 h4 58. Bf6 h3 59. Kg3 g4 60. Be5 Bf3 61. Kh4 Kc8 62. Bg3 Kd7 63. Kg5 Bb7 64. Kf6 Bc6 65. Bh2 Ba8 66. c8=Q+ {Weighted Error Value: White=0.12 (very precise) /Black=0.32} 1-0

[Event "1st Guwahati GM Open 2022"]
[Site "Guwahati"]
[Date "2022.03.17"]
[Round "6.7"]
[White "Dhananjay S"]
[Black "Mosadeghpour, Masoud"]
[Result "1/2-1/2"]
[WhiteElo "2310"]
[BlackElo "2511"]
[Annotator "TA"]
[PlyCount "83"]
[EventDate "2022.03.15"]
[EventCountry "IND"]
[SourceTitle "playchess.com"]
[Source "ChessBase"]
[SourceQuality "1"]

{[%evp 11,83,39,20,9,18,-22,-22,-14,-12,-18,-21,-22,-22,-22,-12,-12,0,-14,-6,-16,-7,-8,-10,-22,0,0,0,-13,0,0,0,-10,0,0,0,0,0,0,0,0,0,0,0,0,16,0,30,0,0,0,0,0,0,0,0,0,0,0,0,0,0,0,0,0,0,0,0,0,7,0,0,0,0,0]} 1. d4 Nf6 2. c4 e6 3. Nf3 d5 4. Nc3 Nbd7 {[%cal Bb8d7,Bd7b6,Bb6c4][%mdl 32]} 5. Bf4 dxc4 6. e3 Nb6 7. Ne5 {D37: Queen's Gambit Declined: 5 Bf4.} Nfd5 {[#]} 8. Bxc4 $146 ({Predecessor:} 8. Bg3 Nxc3 9. bxc3 Qd5 10. Qc2 Bd6 11. a4 Qa5 12. Nxc4 Nxc4 13. Bxc4 O-O 14. e4 b6 {½-½ (39) Zanan,E (2510)-Wilhelm,T (2234) Karlsruhe 2019}) 8... Nxc3 9. bxc3 Nxc4 10. Qa4+ c6 {[#] Strongly threatening ...Nxe5.} 11. Qxc4 Qd5 12. Qxd5 exd5 13. Kd2 Bf5 14. a4 h5 15. Nd3 Be7 16. h3 g5 17. Bh2 O-O-O 18. a5 f6 19. Rhc1 g4 20. hxg4 hxg4 21. Bg3 a6 22. Nc5 Rh7 23. Rh1 Rdh8 24. Rxh7 Rxh7 25. Ke2 Bd8 26. f3 Be7 27. Kf2 Bf8 28. Bf4 Kd8 29. Kg3 gxf3 {The position is equal.} 30. gxf3 Ke8 31. Kg2 Bh3+ 32. Kf2 Bc8 33. Rg1 Kf7 34. Rb1 Kg8 35. Rg1+ Rg7 36. Rb1 Rh7 {Inhibits Bh6.} 37. Rg1+ Rg7 38. Rb1 Rf7 39. Rg1+ Kh8 40. Rh1+ Rh7 41. Rb1 Kg8 42. Rg1+ {An interesting draw.  Weighted Error Value: White=0.05 (flawless) /Black=0.04 (flawless)} 1/2-1/2

[Event "1st Guwahati GM Open 2022"]
[Site "Guwahati"]
[Date "2022.03.17"]
[Round "6.8"]
[White "Fawzy, Adham"]
[Black "Imocha, Laishram"]
[Result "1-0"]
[WhiteElo "2476"]
[BlackElo "2049"]
[Annotator "TA"]
[PlyCount "57"]
[EventDate "2022.03.15"]
[EventCountry "IND"]
[SourceTitle "playchess.com"]
[Source "ChessBase"]
[SourceQuality "1"]

{[%evp 11,57,0,9,13,25,-9,30,29,46,33,81,51,58,54,59,62,95,75,84,103,178,181,193,194,299,202,223,247,246,233,337,356,336,336,434,437,722,684,685,629,559,539,499,482,1171,1122,1041,1013]} 1. e4 e6 2. d4 d5 3. Nc3 Bb4 4. exd5 exd5 5. Bd3 Ne7 6. Qf3 Nbc6 {6...Nbc6 is better than 6...c5.} 7. Nge2 {C01: French: Exchange Variation.} Be6 8. Qg3 {[#]} Kf8 $146 ({Predecessor:} 8... O-O 9. Bf4 Ba5 10. Bh6 Ng6 11. Bg5 f6 12. Bd2 Qd7 13. Nd1 Bxd2+ 14. Kxd2 Nge7 {0-1 (36) Bromann,T (2396)-Nikolic,P (2576) Germany 2018}) 9. a3 {White has an edge.} Ba5 10. Be3 a6 (10... Nf5 $14 {should be considered.} 11. Qf4 Nce7) 11. b4 Bb6 12. Qf3 {Prevents Nf5.} Qd7 13. h3 $1 {To avoid Bg4} Re8 {White leaves nothing to chance now.} 14. g4 Nc8 {[%cal Oc6d4]} 15. O-O-O {White is more active.} Nd8 {[#]} (15... N6e7 $16 {was necessary.}) 16. Nf4 $1 $18 c6 17. Nh5 {[%cal Oh5g7] Strongly threatening Nxg7!} f6 (17... Qe7 {is a better defense.} 18. Na4 a5) 18. Na4 ({Inferior is} 18. Nxf6 gxf6 19. Qxf6+ Kg8 $15) 18... Qf7 19. Rhe1 Ba7 20. Nc5 Bxc5 (20... a5 $142 21. bxa5 Ne7) 21. dxc5 ({Not} 21. bxc5 Kg8 22. Bd2 Rf8 $18) 21... Bd7 22. Qg3 Ne6 23. f4 {[%cal Bf2f4,Bf4f5][%mdl 32] White is clearly winning.} g6 {[#]} (23... h6 $142 24. Kb2 a5) 24. f5 $1 Ng7 25. fxg6 hxg6 26. Nf4 Ne7 27. Bd4 {[%cal Oe1e7] Black must now prevent Rxe7!} Ne6 (27... Rh6 $142 28. g5 Ngf5) 28. Nxe6+ Bxe6 29. Qd6 {Weighted Error Value: White=0.12 (very precise) /Black=0.34} 1-0

[Event "1st Guwahati GM Open 2022"]
[Site "Guwahati"]
[Date "2022.03.17"]
[Round "6.9"]
[White "Aradhya, Garg"]
[Black "Karthik Venkataraman"]
[Result "1-0"]
[WhiteElo "2236"]
[BlackElo "2485"]
[Annotator "TA"]
[PlyCount "123"]
[EventDate "2022.03.15"]
[EventCountry "IND"]
[SourceTitle "playchess.com"]
[Source "ChessBase"]
[SourceQuality "1"]

{[%evp 9,122,-21,-16,-18,0,-4,6,-3,4,0,0,0,1,0,-8,0,-9,0,0,0,0,-30,-31,-62,-63,-105,-96,-102,-48,-47,58,81,81,-3,-9,-47,-39,-42,-43,-123,18,16,17,0,17,13,18,0,146,67,316,318,283,93,96,73,110,91,272,62,57,57,275,26,939,918,892,868,5085,2879,818,6119,1054,1054,314,803,401,859,6498,0,0,0,5651,5197,1336,1337,1218,1141,990,1098,789,650,434,0,891,831,496,162,112,22,29972,29973,29967,11241,29986,29987,29987,29988,29989,29990,29988,29988,29993,29989,29999]} 1. d4 a6 2. e4 e6 3. c4 d5 4. e5 c5 5. Nf3 Nc6 {[#]} 6. Nc3 $146 {C01: French: Exchange Variation.} ({Predecessor:} 6. Bg5 Qb6 7. b3 cxd4 8. Bd3 dxc4 9. Bxc4 h6 10. Bc1 Qa5+ 11. Bd2 Qc7 12. Qe2 {0-1 (21) Xavier,U-Sales,J Salvador 2011}) 6... cxd4 7. Nxd4 Nge7 8. cxd5 {The position is equal.} exd5 9. Be2 Nxd4 10. Qxd4 Be6 11. O-O Nc6 12. Qf4 g6 13. Rd1 {[%cal Oc3d5]} Bg7 14. Nxd5 Bxe5 15. Qe4 O-O $1 16. Bf4 Bxb2 17. Nc7 {[#]} (17. Rab1 $15 Bf5 18. Ne7+ Nxe7 19. Rxd8 Bxe4 20. Rxf8+ Kxf8 21. Rxb2) 17... Bf5 $1 $17 18. Qe3 Bd4 (18... Nd4 $17 {Threatens to win with ...Rc8.} 19. Be5 Bxa1 20. Nxa8 Re8 $1 21. Rxa1 Nc6) 19. Nxa8 $15 {[%cal Og2g4]} Re8 {[#]} (19... Bxe3 $15 20. Rxd8 Rxd8 21. Bxe3 Rxa8) 20. Qf3 $1 $14 Be4 (20... Qxa8 21. Rac1) 21. Qb3 (21. Rxd4 $2 Qxd4 22. Qe3 Qxa1+ $19) (21. Qg3 $16 {aiming for Nc7.} Qxa8 22. Rac1) 21... Qf6 $1 $11 22. Be3 {Rac1 is the strong threat.} (22. Rxd4 $2 Nxd4 23. Rd1 Nxb3 $19) 22... Bxa1 23. Nc7 Rb8 24. f3 {[#]} (24. Qa4 $15 Qe5 25. f4 Qxc7 26. Qxe4) 24... Be5 25. fxe4 Bxc7 26. Rf1 Qe5 {[%csl LRe4,LRh2]} 27. Qxf7+ Kh8 28. g3 {And now Bh6 would win. Active counter play!} Bd6 {[#]} (28... Qxe4 $11 {keeps the balance.} 29. Qf6+ Kg8) 29. Bc4 (29. Bh6 $1 $16 {Strongly threatening Rf6.} Nd4 30. Bd3) 29... Qc3 ({Black should play} 29... Bc5 $1 $14 30. Bxc5 Qxc5+ 31. Kh1 Qe7) 30. Bg5 $18 {This bishop pair is nice.} Qd4+ 31. Rf2 $2 (31. Kg2 $18 {and White stays clearly on top. White wants to mate with Bf6+.} Be7 32. Bh6 (32. Bxe7 Qxe4+ 33. Kh3 Qxe7 $11) 32... Qb2+ 33. Rf2) 31... Be5 $16 32. Bd5 Nb4 33. Kg2 {[%cal Of7f8] White threatens Qf8+! and mate. The board is on fire.} Nxd5 $2 (33... Bg7 $16) 34. Qxd5 $2 (34. exd5 $18 {Black must now prevent Re2.} Qe4+ 35. Kh3) 34... b5 $14 35. Rf7 {Hoping for Qe6.} Re8 {Prevents Qe6.} (35... Bg7 $1 $14) 36. Rd7 $2 $40 {[%mdl 128] White is up to no good.} (36. Qc6 $18 {[%cal Rc6e8]} Rg8 37. Kh3 (37. Qxa6 Qxe4+ 38. Kh3 Bg7 $11)) 36... Qb2+ $2 {[%mdl 8192] [#]} (36... Qc4 $11) 37. Kh3 $1 $18 {Intending Qf7 and mate.} Qf2 38. Rd8 ({Worse is} 38. Qf7 Qxf7 39. Rxf7 Kg8 $11) 38... Qf1+ 39. Kh4 {Qxe5+ would kill now.} Bxg3+ 40. hxg3 Qh1+ 41. Kg4 {[%cal Rg5f6]} h5+ 42. Kf4 Qf1+ 43. Ke3 Qe1+ 44. Kf3 Qf1+ 45. Ke3 Qe1+ 46. Kd3 Qxg3+ 47. Be3 Rxd8 48. Qxd8+ Kg7 49. e5 Qg4 {Inhibits Qd7+.} 50. Qc7+ Kg8 51. Qd8+ ({Better is} 51. Bh6 $18 {[%csl Gh6][%cal Rc7g7]} Qf3+ 52. Kd4) 51... Kh7 {[%mdl 8192]} (51... Kg7 $11) 52. Qe7+ Kg8 53. Qc5 $2 (53. Bd2) 53... Qd1+ ({Black should try} 53... Kf7 $18 54. Qc7+ (54. Qd5+ Qe6 $16) 54... Ke8 55. Qb8+ (55. Kc3 Qe6 $18) 55... Kf7) 54. Kc3 (54. Bd2 $16 Qb1+ 55. Ke2 Qe4+ 56. Qe3 Qg4+ 57. Ke1) 54... Qg4 $2 {[%mdl 8192]} (54... Kf7 $11) 55. Qd5+ Kg7 56. Bd4 h4 57. e6+ {White mates.} Kh7 58. Qe5 {[%csl Gd4][%cal Re5g7]} Qf3+ 59. Kb4 {[%csl Gd4][%cal Re5g7]} a5+ 60. Kxa5 {[%csl Gd4][%cal Re5h8]} Qa3+ 61. Kxb5 {[%csl Gd4][%cal Re5g7]} Qe7 62. Qh8# {Weighted Error Value: White=0.59/Black=0.58} 1-0

[Event "1st Guwahati GM Open 2022"]
[Site "Guwahati"]
[Date "2022.03.17"]
[Round "6.10"]
[White "Tahbaz, Arash"]
[Black "Gaikwad, Siddhant"]
[Result "1-0"]
[WhiteElo "2469"]
[BlackElo "2016"]
[Annotator "TA"]
[PlyCount "89"]
[EventDate "2022.03.15"]
[EventCountry "IND"]
[SourceTitle "playchess.com"]
[Source "ChessBase"]
[SourceQuality "1"]

{[%evp 17,89,-41,-47,-63,-36,-34,-40,-65,-66,-65,-65,-66,-60,-58,-58,-58,-63,-63,-41,-51,0,-8,-13,-50,-7,-47,0,0,0,0,27,27,115,115,137,128,126,131,150,141,322,318,329,327,307,268,328,331,411,404,341,275,452,445,439,420,386,312,404,388,392,384,634,604,765,753,1204,1204,1139,1072,1833,1801,1483,1291]} 1. e4 c5 2. Nc3 g6 3. g3 Bg7 4. Bg2 Nc6 5. Nge2 e6 6. O-O Nge7 7. d3 d6 8. f4 O-O 9. g4 f5 10. Ng3 {B25: Closed Sicilian: 3 g3, lines without early Be3.} Nd4 {[%cal Bc6d4,Bd4b5,Bb5c7][%mdl 32]} 11. gxf5 exf5 12. Nd5 {Black is slightly better.} Nxd5 13. exd5 Nb5 {[#]} 14. c3 $146 {[%cal Bc2c3,Bc3c4][%mdl 32]} ({Predecessor:} 14. Rb1 Bd7 15. Bd2 a5 16. c4 Nd4 17. Bc3 b5 18. cxb5 Bxb5 19. Ne2 Qe7 20. Bxd4 Bxd4+ 21. Nxd4 {1-0 (48) Pusztay,B (2152)-Akots,G (2125) Hungary 2003}) 14... Nc7 15. Be3 Qe7 16. Qd2 Qf7 17. c4 $1 Re8 {[%cal Oe8e3] [#] And now ...Rxe3! would win.} 18. Bf2 Bf6 ({Black should play} 18... b5 $15) 19. d4 b6 20. b4 Qg7 (20... cxb4 $15 21. Qxb4 Ba6) 21. Rad1 {[%cal Rb4c5]} Ba6 (21... Bxd4 $15 22. Bxd4 Qxd4+ 23. Qxd4 cxd4) 22. b5 $11 {[#] aiming for dxc5.} Bb7 23. dxc5 bxc5 24. a4 {[%cal Ba2a4,Ba4a5][%mdl 32]} h5 (24... Rab8 $11) 25. a5 $16 Rad8 26. Kh1 Rd7 27. Ne2 {[%cal Bg3e2,Be2g1,Bg1h3][%mdl 32] Prevents Bc3.} Qh6 28. Ng1 g5 $2 {This costs Black the game.} (28... h4 $16 {was necessary.}) 29. fxg5 $18 Bxg5 30. Qd3 Rg7 31. Qxf5 Rf8 32. Qd3 h4 33. Nh3 Bc8 34. Bg1 {Black must now prevent Rxf8+.} Rgf7 $2 (34... Re8 {might work better.} 35. b6 axb6) 35. Rxf7 Rxf7 36. Nxg5 Qxg5 37. h3 Rg7 {[%csl Gg7][%cal Rg5g2]} 38. Qf3 Rf7 39. Qe3 Qg7 (39... Qxe3 40. Bxe3 Ne8) 40. Re1 {White is clearly winning.} Bd7 41. Bh2 Ne8 42. b6 axb6 43. axb6 Ba4 44. Qa3 Rf2 45. Rg1 {Weighted Error Value: White=0.11 (very precise) /Black=0.44} 1-0

[Event "1st Guwahati GM Open 2022"]
[Site "Guwahati"]
[Date "2022.03.17"]
[Round "6.11"]
[White "Priyanka, Kumari"]
[Black "Krishna C R G"]
[Result "0-1"]
[WhiteElo "1910"]
[BlackElo "2466"]
[Annotator "TA"]
[PlyCount "82"]
[EventDate "2022.03.15"]
[EventCountry "IND"]
[SourceTitle "playchess.com"]
[Source "ChessBase"]
[SourceQuality "1"]

{[%evp 12,82,39,23,39,20,48,56,74,41,50,48,58,60,75,62,73,73,68,73,90,58,53,-17,-23,-9,-15,-19,0,-31,-27,-22,-25,-17,-17,-25,0,0,0,-35,0,-79,-58,-56,-37,-332,-329,-327,-105,-118,-120,-272,-267,-378,-379,-460,-462,-768,-226,-467,-470,-448,-194,-700,-665,-802,-813,-1140,-1133,-194,-1280,-5804,-2516]} 1. e4 d6 2. d4 Nf6 3. Nc3 Nbd7 4. Nf3 e5 5. Bc4 Be7 6. O-O c6 7. a4 a5 {C41: Philidor Defence.} 8. Re1 Qc7 {is the new trend.} 9. h3 h6 {White is slightly better.} 10. Ba2 Nf8 11. Nh4 g6 12. Be3 Ne6 13. d5 Ng7 {[%cal Of6d5] [#]} 14. Nf3 $146 ({Predecessor:} 14. dxc6 bxc6 15. f4 Nfh5 16. fxe5 Bxh4 17. exd6 Qd8 18. Rf1 Ne6 19. Qf3 Qd7 20. g4 {1-0 (34) Ravi,T (2351)-Asylguzhin,R (2387) Dubai 2002}) 14... g5 15. Nd2 Ngh5 16. Bc4 Nf4 17. Bxf4 ({White should play} 17. Bb3 $14) 17... gxf4 $11 18. Bf1 Rg8 19. Kh1 Bd7 20. Rb1 Kf8 21. Nc4 cxd5 22. exd5 Qc5 {[%cal Od7h3] And now ...Bxh3! would win.} 23. Qf3 Rg5 24. Nd2 Rg7 25. Nb3 Qb6 26. Nb5 (26. Nd2 $11) 26... Nh7 27. c4 Ng5 28. c5 $2 {[%mdl 8192]} dxc5 $19 (28... Nxf3 $2 29. cxb6 Nxe1 30. Rxe1) 29. Qe2 {[#]} e4 (29... Nxh3 $1 $19 {[%mdl 512]} 30. Nd2 (30. Qxe5 $2 Nxf2+ 31. Kg1 Bh4 $19) 30... Qg6 $1 31. Qxe5 Nxf2+ 32. Kg1 Nh3+ 33. Kh1 Nf2+ 34. Kg1 Nh3+ 35. Kh1 Bh4 36. Qd6+ Qxd6 37. Nxd6 Nf2+ 38. Kg1 Ng4) 30. d6 $17 Bxd6 {[%cal Og5h3]} 31. Nxd6 $2 (31. Rbd1 $17 {keeps fighting.} f3 32. Qe3 Bxb5 33. axb5) 31... Qxd6 $19 32. Rbd1 (32. Qd2 $142 Qxd2 33. Nxd2) 32... Qe7 33. Nxc5 Bc6 ({Worse is} 33... Qxc5 34. Rxd7 Qb4 35. Red1 $11) 34. Qc2 {[#]} (34. Nd3 $142 Qf6 35. Nc5) 34... e3 $2 (34... Nxh3 $1 {[%mdl 512]} 35. Nd7+ Kg8) 35. fxe3 $2 (35. Qf5) 35... Nxh3 {aiming for ...Qh4.} (35... Nf3 $2 36. e4 Nxe1 37. Rxe1 $19) 36. e4 {[#]} ({Wrong is} 36. exf4 $2 Qh4 37. Qc3 Nxf4+ 38. Kg1 Nh3+ 39. Qxh3 Qxh3) 36... Ng5 (36... Qg5 $142 $1 {[%cal Of4f3] Strongly threatening ...f3!} 37. Rd3 {[#]} Qh4 $1) 37. Nd3 $2 (37. Qf2) 37... Nxe4 {Threatens to win with ...Qh4+.} 38. Nxf4 Qh4+ 39. Nh3 Ng5 40. Qc5+ Kg8 {( -> ...Qxh3+)} 41. Re3 Nxh3 {Weighted Error Value: White=0.85/Black=0.35} 0-1

[Event "1st Guwahati GM Open 2022"]
[Site "Guwahati"]
[Date "2022.03.17"]
[Round "6.12"]
[White "Arpan, Das"]
[Black "Shyaamnikhil P"]
[Result "1/2-1/2"]
[WhiteElo "2155"]
[BlackElo "2442"]
[Annotator "ChessBase"]
[PlyCount "94"]
[EventDate "2022.03.15"]
[EventCountry "IND"]
[SourceTitle "playchess.com"]
[Source "ChessBase"]
[SourceQuality "1"]

1. d4 Nf6 2. c4 e6 3. Nc3 Bb4 4. e3 O-O 5. Bd3 d5 6. a3 Bxc3+ 7. bxc3 c5 8. cxd5 exd5 9. Ne2 b6 10. O-O Ba6 11. f3 Re8 12. Bxa6 Nxa6 13. Ng3 Nc7 14. Re1 h5 15. Nh1 Qd7 16. Nf2 Nb5 17. Qd3 Nd6 18. Ra2 Rac8 19. Rae2 Qb5 20. Qd1 Qc6 21. a4 Rcd8 22. Qb3 Rd7 23. Ba3 Rde7 24. Qd1 Re6 25. Nd3 Nc4 26. Bc1 h4 27. Nf2 Nd6 28. Nh3 R6e7 29. Ng5 Qc8 30. Qd3 Qc6 31. e4 dxe4 32. fxe4 Nfxe4 33. Bf4 c4 34. Qf3 f5 35. Bxd6 Qxd6 36. Nxe4 fxe4 37. Rxe4 Rxe4 38. Rxe4 Rxe4 39. Qxe4 Qd7 40. Qxh4 Qxa4 41. Qe1 Qd7 42. Qe5 b5 43. Qe4 Kf7 44. Qa8 b4 45. Qf3+ Kg8 46. Qa8+ Kf7 47. Qf3+ Kg8 1/2-1/2

[Event "1st Guwahati GM Open 2022"]
[Site "Guwahati"]
[Date "2022.03.17"]
[Round "6.13"]
[White "Mohota, Nisha"]
[Black "Nitin, S.."]
[Result "1/2-1/2"]
[WhiteElo "2147"]
[BlackElo "2427"]
[Annotator "TA"]
[PlyCount "44"]
[EventDate "2022.03.15"]
[EventCountry "IND"]
[SourceTitle "playchess.com"]
[Source "ChessBase"]
[SourceQuality "1"]

{[%evp 11,44,8,15,0,38,22,45,25,43,34,33,39,34,33,44,36,52,34,50,26,28,15,34,28,32,29,37,-14,37,37,43,-10,19,0,28]} 1. d4 Nf6 2. Nf3 g6 3. g3 Bg7 4. Bg2 c5 5. dxc5 Na6 6. O-O Nxc5 7. Be3 {A46: 1 d4 Nf6 2 Nf3 e6: Torre, London and Colle Systems.} Qc7 8. Nc3 d6 9. Bd4 {White is slightly better.} O-O 10. Bxf6 exf6 11. Nd5 Qd8 12. Nd4 {Pair of Knights!} f5 13. c3 {[#]} Bd7 $146 ({Predecessor:} 13... Rb8 14. b4 Ne4 15. Qd3 Re8 16. Rac1 a6 17. c4 Be6 18. Nf4 Bd7 19. e3 Bc6 {1-0 (61) Wiebe,P (2186)-Bogomolow,S (2209) Dresden 2001}) 14. e3 Re8 15. Rc1 Ne4 16. c4 Rc8 17. b4 a6 18. Qd3 Bc6 19. Rfd1 (19. Nf4 $14) 19... Ba4 ({Better is} 19... Bxd5 $11 20. cxd5 Qe7) 20. Re1 $14 Bc6 21. Red1 (21. Nf4 $14) 21... Ba4 22. Re1 Bc6 {Weighted Error Value: White=0.16 (very precise) /Black=0.17 (very precise)} 1/2-1/2

[Event "1st Guwahati GM Open 2022"]
[Site "Guwahati"]
[Date "2022.03.17"]
[Round "6.14"]
[White "Sri Sai Baswanth P"]
[Black "Gusain, Himal"]
[Result "0-1"]
[WhiteElo "2057"]
[BlackElo "2408"]
[Annotator "TA"]
[PlyCount "54"]
[EventDate "2022.03.15"]
[EventCountry "IND"]
[SourceTitle "playchess.com"]
[Source "ChessBase"]
[SourceQuality "1"]

{[%evp 12,54,0,0,-18,-26,-24,-35,-29,-46,-15,-14,-1,-10,0,-13,0,-101,-91,-99,-75,-70,-14,0,0,-10,-18,-50,-54,-56,-56,-61,-61,-61,-61,-69,-65,-77,-72,-216,-229,-406,-400,-508,-477]} 1. c4 c5 2. g3 g6 3. Bg2 Bg7 4. Nc3 Nc6 5. Nf3 {[%cal Bg1f3,Bf3e1,Be1c2][%mdl 32]} d6 6. O-O e5 7. Ne1 {7.a3 is setting a new trend.} Be6 {A37: Symmetrical English vs ...g6: 4 Bg2 Bg7 5 Nf3.} 8. Qa4 Nge7 9. Nc2 O-O {Black is slightly better.} 10. Ne3 a6 {[%cal Ob7b5] Threatening ...b5!} 11. Ned5 Rb8 {[%cal Ob7b5]} 12. d3 {[#]} b5 $146 ({Predecessor:} 12... Bd7 13. Bg5 f6 14. Bd2 Nxd5 15. Nxd5 Nd4 16. Qd1 b5 17. b4 Bg4 18. f3 Be6 {½-½ (44) Milanovic,S (2395)-Stankovic,I (2293) Kragujevac 2016}) 13. Qxa6 {Black must now prevent Nxe7+.} Nxd5 14. cxd5 (14. Nxd5 $11 {remains equal.} Bxd5 15. Bxd5) 14... Nb4 $17 15. Qa7 Bd7 {And now ...Qc8 would win.} 16. Ne4 Bf5 ({Black should play} 16... Ra8 $15 17. Qb7 Rb8) 17. Bd2 $11 ({But not} 17. Bg5 f6 18. Be3 Rf7 $17) 17... Nxd5 (17... Ra8 $5 18. Qb7 Rb8 $11) 18. Ba5 {[#]} Ra8 19. Qb7 (19. Bxd8 Rxa7) 19... Rxa5 20. Qxd5 Ra6 21. Nc3 b4 {[%cal Bb5b4,Bb4c3,Bc3b2][%mdl 32]} 22. Qc4 {[#]} bxc3 $1 23. Qxa6 cxb2 24. Rab1 {[#]} e4 $1 25. dxe4 (25. Bxe4 $17 Be6 26. Rfd1) 25... Be6 $19 {This bishop pair is nice.} 26. Rfd1 $2 (26. f4 {was forced.} Qa8 27. Qxd6 Bd4+ 28. Kh1) 26... c4 {Hoping for ...c3.} 27. Rxd6 Qc8 {Weighted Error Value: White=0.31/Black=0.07 (flawless)} 0-1